00443nam a2200157Ia 4500008004100000020001800041041000800059082001500067100001600082245002400098260003900122300000900161440006000170500003900230700001600269230125s9999 xx 000 0 und d a1-84112-227-0 aeng a658.5bZUC aZuckerman A aManaging Technology c2002bCapstone publicationaLondon a126p aEssential Management Thinking At Your Fingertips Series aSeries Book;Operations Series Book aZuckerman A